00353nam a22001217a 4500003000400000005001700004008004100021050002100062082002300083245004000106260006500146300002000211OSt20140310182213.0130906t xxu||||| |||| 00| 0 eng d aDD 16b.J67 1960 aHS 973 bJo63 1960 aWe live in Germany /bJerry Johnson aKansas City, Missouri :bNazarene Publishing House, cc1960. a87 p. :c19 cm.